[Event "Swindon Open 1st"]
[Site "Swindon"]
[Date "2025.08.25"]
[Round "6.11"]
[White "Bourne, Johnathan D"]
[Black "Moyse, Nigel John"]
[Result "1/2-1/2"]
[WhiteElo "1915"]
[BlackElo "1944"]
[PlyCount "28"]
[EventDate "2025.08.22"]
[EventType "swiss"]
[EventRounds "6"]
[EventCountry "ENG"]
[SourceTitle "BritBase"]
[Source "John Saunders"]
[SourceDate "2025.12.11"]
[SourceVersion "1"]
[SourceVersionDate "2025.12.11"]
[SourceQuality "1"]

1. e4 e6 2. b3 c5 3. Bb2 Nc6 4. Be2 d6 5. f4 Nf6 6. d3 Be7 7. Nf3 d5 8. Nbd2 Ng4 9. Nf1 Qa5+ 10. Qd2 Qxd2+ 11. N3xd2 Nf6 12. O-O-O Nd4 13. Bf3 Nxf3 14. gxf3 Bd7 1/2-1/2

[Event "Swindon Open 1st"]
[Site "Swindon"]
[Date "2025.08.25"]
[Round "6.12"]
[White "Sherwood, Gabriel"]
[Black "Sagues, Vincent"]
[Result "1/2-1/2"]
[WhiteElo "1848"]
[BlackElo "1936"]
[PlyCount "29"]
[EventDate "2025.08.22"]
[EventType "swiss"]
[EventRounds "6"]
[EventCountry "ENG"]
[SourceTitle "BritBase"]
[Source "John Saunders"]
[SourceDate "2025.12.11"]
[SourceVersion "1"]
[SourceVersionDate "2025.12.11"]
[SourceQuality "1"]

1. e4 e6 2. d4 d5 3. Nc3 Bb4 4. exd5 exd5 5. Nf3 Nf6 6. Bd3 O-O 7. O-O Bg4 8. h3 Bh5 9. g4 Bg6 10. Ne5 Bxd3 11. Qxd3 c6 12. Bg5 Be7 13. Rfe1 Nbd7 14. Qf3 Re8 15. Nd3 1/2-1/2

[Event "Swindon Open 1st"]
[Site "Swindon"]
[Date "2025.08.25"]
[Round "6.14"]
[White "Bolt, Graham"]
[Black "Warimwe, David James"]
[Result "0-1"]
[WhiteElo "1917"]
[BlackElo "1853"]
[PlyCount "98"]
[EventDate "2025.08.22"]
[EventType "swiss"]
[EventRounds "6"]
[EventCountry "ENG"]
[SourceTitle "BritBase"]
[Source "John Saunders"]
[SourceDate "2025.12.11"]
[SourceVersion "1"]
[SourceVersionDate "2025.12.11"]
[SourceQuality "1"]

1. Nf3 Nf6 2. g3 c5 3. Bg2 Nc6 4. c4 e5 5. d3 d5 6. cxd5 Nxd5 7. O-O Be7 8. Nc3 Nc7 9. Bd2 O-O 10. Rc1 Rb8 11. a3 h6 12. Na4 b6 13. b4 Be6 14. bxc5 b5 15. Nb2 Na6 16. Bc3 Bf6 17. Nd2 b4 18. axb4 Ncxb4 19. Nbc4 Na2 20. Ba5 Qd4 21. Ra1 N2b4 22. Bxb4 Nxb4 23. Rxa7 Qxc5 24. Qa4 Qd4 25. Nb3 Qc3 26. Rc1 Nc2 27. Na1 Bxc4 28. dxc4 Bg5 29. e3 Bxe3 30. Qxc2 Qxc2 31. Rxc2 Bxa7 32. Ra2 Rb1+ 33. Bf1 Bd4 34. Nc2 Rfb8 35. Nxd4 exd4 36. Kg2 Rd8 37. Bd3 Rc1 38. Rd2 Kf8 39. f4 Ke7 40. Kf3 Re1 41. Be2 f5 42. h3 Rc1 43. Bd3 Rc3 44. g4 Kf6 45. h4 fxg4+ 46. Kxg4 Re8 47. Bf1 Re1 48. Be2 Rg1+ 49. Kh5 Rh3 0-1

[Event "Swindon Open 1st"]
[Site "Swindon"]
[Date "2025.08.25"]
[Round "6.15"]
[White "Jones, Mark A"]
[Black "Sieczkowski, Adam"]
[Result "0-1"]
[WhiteElo "1858"]
[BlackElo "1806"]
[PlyCount "48"]
[EventDate "2025.08.22"]
[EventType "swiss"]
[EventRounds "6"]
[EventCountry "ENG"]
[SourceTitle "BritBase"]
[Source "John Saunders"]
[SourceDate "2025.12.11"]
[SourceVersion "1"]
[SourceVersionDate "2025.12.11"]
[SourceQuality "1"]

1. e4 c5 2. Nf3 a6 3. c4 g6 4. d4 Bg7 5. Nc3 cxd4 6. Nxd4 Nf6 7. Be2 O-O 8. Be3 Nc6 9. Qd2 d6 10. h3 Bd7 11. Nc2 Rb8 12. a4 Na5 13. Ra3 Qc7 14. b3 Rfc8 15. f3 b5 16. axb5 axb5 17. Nxb5 Rxb5 18. cxb5 Nxe4 19. Qd3 Ng3 20. b6 Qb8 21. Bd1 Nxh1 22. g4 d5 23. Kf1 Qh2 24. Rxa5 Bc3 0-1

[Event "Swindon Open 1st"]
[Site "Swindon"]
[Date "2025.08.25"]
[Round "6.16"]
[White "Thomas, James"]
[Black "Walsh, Jordan"]
[Result "1-0"]
[WhiteElo "1882"]
[BlackElo "1735"]
[PlyCount "67"]
[EventDate "2025.08.22"]
[EventType "swiss"]
[EventRounds "6"]
[EventCountry "ENG"]
[SourceTitle "BritBase"]
[Source "John Saunders"]
[SourceDate "2025.12.11"]
[SourceVersion "1"]
[SourceVersionDate "2025.12.11"]
[SourceQuality "1"]

1. Nf3 f5 2. g3 d6 3. d4 Nf6 4. Bg2 e6 5. O-O Be7 6. c4 O-O 7. Nc3 Ne4 8. Qd3 Nxc3 9. bxc3 Nc6 10. e4 e5 11. d5 Na5 12. c5 b6 13. cxd6 cxd6 14. Ba3 Qe8 15. Rfd1 Qa4 16. Bb4 Nb7 17. Nxe5 a5 18. Nc6 Bf6 19. e5 axb4 20. exf6 Rxf6 21. cxb4 Bd7 22. Re1 Nd8 23. Qc3 Nf7 24. Re7 Ne5 25. Nxe5 dxe5 26. Qxe5 Re8 27. Rxe8+ Bxe8 28. Re1 Rf8 29. d6 Bd7 30. Qd4 Kh8 31. Re7 Rf6 32. Qxb6 Re6 33. Qd8+ Be8 34. Rxe6 1-0

[Event "Swindon Open 1st"]
[Site "Swindon"]
[Date "2025.08.25"]
[Round "6.17"]
[White "Lopatko, Vasyl"]
[Black "Holmes, Matthew A"]
[Result "0-1"]
[WhiteElo "1857"]
[BlackElo "1776"]
[PlyCount "80"]
[EventDate "2025.08.22"]
[EventType "swiss"]
[EventRounds "6"]
[EventCountry "ENG"]
[SourceTitle "BritBase"]
[Source "John Saunders"]
[SourceDate "2025.12.11"]
[SourceVersion "1"]
[SourceVersionDate "2025.12.11"]
[SourceQuality "1"]

1. d4 d5 2. Bf4 c5 3. e3 Nc6 4. c3 e6 5. Nf3 Nf6 6. Nbd2 Be7 7. h3 Bd6 8. Bxd6 Qxd6 9. dxc5 Qxc5 10. Bd3 O-O 11. O-O h6 12. e4 dxe4 13. Nxe4 Nxe4 14. Bxe4 Rd8 15. Qe2 Bd7 16. Rfd1 Be8 17. Rac1 Qe7 18. b4 a6 19. a3 Rxd1+ 20. Rxd1 Rd8 21. c4 Rd6 22. Rxd6 Qxd6 23. c5 Qd8 24. Qd2 Qxd2 25. Nxd2 f5 26. Bf3 e5 27. Nc4 e4 28. Bd1 Nd4 29. Na5 Bc6 30. Nxc6 bxc6 31. Kf1 Kf7 32. f3 exf3 33. gxf3 Ke6 34. f4 Kd5 35. Kf2 Ke4 36. a4 Kd5 37. Ke3 Kc4 38. b5 cxb5 39. Be2+ Nxe2 40. c6 Nc3 0-1

[Event "Swindon Open Extra"]
[Site "Swindon"]
[Date "2025.08.22"]
[Round "1.1"]
[White "Holmes, Matthew A"]
[Black "Verma, Aditya"]
[Result "1/2-1/2"]
[WhiteElo "1776"]
[BlackElo "2093"]
[PlyCount "73"]
[EventDate "2025.08.22"]
[EventType "swiss"]
[EventRounds "6"]
[EventCountry "ENG"]
[SourceTitle "BritBase"]
[Source "John Saunders"]
[SourceDate "2025.12.11"]
[SourceVersion "1"]
[SourceVersionDate "2025.12.11"]
[SourceQuality "1"]

1. Nf3 d5 2. g3 g6 3. Bg2 Bg7 4. d4 Nf6 5. O-O O-O 6. c4 c6 7. cxd5 cxd5 8. Nc3 Nbd7 9. Ne5 Nb6 10. a4 a5 11. b3 Be6 12. Ba3 Nfd7 13. f4 Nxe5 14. fxe5 f6 15. exf6 Rxf6 16. Rxf6 Bxf6 17. Qd2 Rc8 18. Rc1 Kg7 19. Nb5 Rxc1+ 20. Bxc1 Nd7 21. Qc3 Nb8 22. Bf4 Nc6 23. e3 Qd7 24. Bc7 Bg4 25. Bxa5 Nxa5 26. Qxa5 Bg5 27. Qe1 Qe6 28. e4 dxe4 29. h4 Bf6 30. Qxe4 Qxe4 31. Bxe4 Be2 32. Bxb7 Bxb5 33. axb5 Bxd4+ 34. Kg2 Kf6 35. Kf3 Ke5 36. g4 h6 37. Be4 1/2-1/2

[Event "Swindon Open Extra"]
[Site "Swindon"]
[Date "2025.08.23"]
[Round "2.1"]
[White "Hanumanthan, Hariharan"]
[Black "Ronald, Ted"]
[Result "0-1"]
[WhiteElo "1670"]
[BlackElo "1827"]
[PlyCount "68"]
[EventDate "2025.08.22"]
[EventType "swiss"]
[EventRounds "6"]
[EventCountry "ENG"]
[SourceTitle "BritBase"]
[Source "John Saunders"]
[SourceDate "2025.12.11"]
[SourceVersion "1"]
[SourceVersionDate "2025.12.11"]
[SourceQuality "1"]

1. d4 Nf6 2. c4 g6 3. Nc3 Bg7 4. Nf3 O-O 5. e4 d6 6. Be2 e5 7. O-O Nbd7 8. Bg5 h6 9. Be3 Ng4 10. Qd2 f5 11. exf5 gxf5 12. dxe5 Nxe3 13. fxe3 Nxe5 14. Rac1 Be6 15. b3 c6 16. Rfd1 Qb6 17. Nd4 Bd7 18. Na4 Qd8 19. c5 d5 20. b4 Qg5 21. Nf3 Nxf3+ 22. Bxf3 Be6 23. Nc3 Rad8 24. Ne2 Bf7 25. Ng3 Rfe8 26. Nf1 d4 27. exd4 Bxd4+ 28. Kh1 Be3 29. Qc2 Bxc1 30. Rxc1 Rd7 31. Ng3 Rde7 32. Kg1 Re1+ 33. Rxe1 Rxe1+ 34. Kf2 Qe3# 0-1

[Event "Swindon Open Extra"]
[Site "Swindon"]
[Date "2025.08.25"]
[Round "4.1"]
[White "Verma, Aditya"]
[Black "Tuson, Bronwen"]
[Result "1-0"]
[WhiteElo "2093"]
[BlackElo "1663"]
[PlyCount "63"]
[EventDate "2025.08.22"]
[EventType "swiss"]
[EventRounds "6"]
[EventCountry "ENG"]
[SourceTitle "BritBase"]
[Source "John Saunders"]
[SourceDate "2025.12.11"]
[SourceVersion "1"]
[SourceVersionDate "2025.12.11"]
[SourceQuality "1"]

1. e4 c5 2. Nf3 g6 3. d4 cxd4 4. Nxd4 Nc6 5. c4 Bg7 6. Be3 Nf6 7. Nc3 O-O 8. Be2 a6 9. O-O Rb8 10. a4 d6 11. Qd2 Bd7 12. h3 Qc7 13. Rfc1 Na5 14. Nd5 Nxe4 15. Qc2 Qd8 16. Qxe4 e5 17. Nf3 Nb3 18. Qc2 Nxc1 19. Qxc1 b5 20. axb5 axb5 21. Bg5 Qc8 22. Ne7+ Kh8 23. Nxc8 Rbxc8 24. Bh6 Be6 25. Bxg7+ Kxg7 26. Qd2 Bxc4 27. Bxc4 bxc4 28. Qxd6 f6 29. Ra7+ Rf7 30. Rxf7+ Kxf7 31. Qd7+ Kf8 32. Qxc8+ 1-0

[Event "Swindon Open Extra"]
[Site "Swindon"]
[Date "2025.08.25"]
[Round "4.2"]
[White "Coman, Kas"]
[Black "Lin, Vickie"]
[Result "1-0"]
[WhiteElo "1950"]
[BlackElo "1070"]
[PlyCount "107"]
[EventDate "2025.08.22"]
[EventType "swiss"]
[EventRounds "6"]
[EventCountry "ENG"]
[SourceTitle "BritBase"]
[Source "John Saunders"]
[SourceDate "2025.12.11"]
[SourceVersion "1"]
[SourceVersionDate "2025.12.11"]
[SourceQuality "1"]

1. e4 c6 2. d4 d5 3. e5 Bf5 4. Nf3 e6 5. Be2 c5 6. Be3 cxd4 7. Nxd4 Nc6 8. Nxf5 exf5 9. f4 d4 10. Bf2 Nge7 11. O-O Ng6 12. g3 h5 13. Bxh5 Bc5 14. e6 Qf6 15. exf7+ Qxf7 16. Re1+ Be7 17. c3 O-O-O 18. cxd4 Bf6 19. Bf3 Nxd4 20. Bxd4 Bxd4+ 21. Kh1 Kb8 22. Qc2 Rhe8 23. Nc3 Rc8 24. Rxe8 Qxe8 25. Qxf5 Bxc3 26. bxc3 Rxc3 27. Qd5 Qc6 28. Qxc6 bxc6 29. Be4 Ne7 30. Kg2 Rc4 31. Kf3 Rc3+ 32. Kg4 Re3 33. Bg2 Kc7 34. h4 c5 35. Bf1 Kd6 36. Bc4 Re4 37. Rd1+ Kc6 38. Bf1 Rd4 39. Rxd4 cxd4 40. Kf3 Nf5 41. Bd3 Nd6 42. g4 Kc5 43. g5 Kd5 44. h5 Ke6 45. Kg4 Kf7 46. f5 a5 47. Kf4 Kg8 48. g6 Ne8 49. Ke5 Nf6 50. Kxd4 Nxh5 51. Kc5 Nf6 52. Kb5 Nd5 53. Bc4 Kf8 54. Bxd5 1-0

[Event "Swindon U1900"]
[Site "Swindon"]
[Date "2025.08.22"]
[Round "1.1"]
[White "Northam, Lawrence"]
[Black "Redmill, Simon Matthew"]
[Result "0-1"]
[WhiteElo "1880"]
[BlackElo "1716"]
[PlyCount "80"]
[EventDate "2025.08.22"]
[EventType "swiss"]
[EventRounds "6"]
[EventCountry "ENG"]
[SourceTitle "BritBase"]
[Source "John Saunders"]
[SourceDate "2025.12.11"]
[SourceVersion "1"]
[SourceVersionDate "2025.12.11"]
[SourceQuality "1"]

1. d4 c6 2. c4 d5 3. Nc3 Nf6 4. Nf3 dxc4 5. a4 Bf5 6. e3 e6 7. Bxc4 a5 8. O-O Bb4 9. Qe2 O-O 10. Rd1 h6 11. Ne5 Nbd7 12. e4 Bh7 13. Nxd7 Qxd7 14. f3 Rfe8 15. Be3 Qc7 16. Rac1 Qe7 17. Qf2 Rac8 18. Bb3 Red8 19. Na2 Bg6 20. Qc2 Nd5 21. Bf2 Nf4 22. Bg3 Nd5 23. Qe2 Nb6 24. Bf2 Nd7 25. Nxb4 Qxb4 26. Qc4 Qe7 27. Be1 Ra8 28. Bf2 Qg5 29. d5 Ne5 30. Qc3 cxd5 31. f4 Qxf4 32. Bg3 Qg5 33. Qxe5 Qe3+ 34. Bf2 Qxb3 35. Bd4 f6 36. Qxe6+ Bf7 37. Qg4 dxe4 38. Qxe4 Rd7 39. Qc2 Qxc2 40. Rxc2 Bb3 0-1

[Event "Swindon U1900"]
[Site "Swindon"]
[Date "2025.08.22"]
[Round "1.2"]
[White "Foster, Paul"]
[Black "Ramdewar, Ishan"]
[Result "0-1"]
[WhiteElo "1713"]
[BlackElo "1867"]
[PlyCount "64"]
[EventDate "2025.08.22"]
[EventType "swiss"]
[EventRounds "6"]
[EventCountry "ENG"]
[SourceTitle "BritBase"]
[Source "John Saunders"]
[SourceDate "2025.12.11"]
[SourceVersion "1"]
[SourceVersionDate "2025.12.11"]
[SourceQuality "1"]

1. e4 e5 2. Nf3 Nc6 3. Bc4 Nf6 4. Ng5 d5 5. exd5 Na5 6. Bb5+ c6 7. dxc6 bxc6 8. Ba4 Be7 9. d3 O-O 10. O-O Bf5 11. Nc3 Nd5 12. Nge4 Bg6 13. f4 Nxf4 14. Bxf4 exf4 15. Rxf4 Qb6+ 16. Kh1 f5 17. Ng3 Bd6 18. Rf1 Qxb2 19. Nge2 Be5 20. Rb1 Qa3 21. Qd2 Rad8 22. Bb3+ Nxb3 23. axb3 Qb4 24. Ra1 Qh4 25. h3 Qe7 26. Ra6 Be8 27. Qe3 c5 28. Nf4 Bf7 29. Ra5 Qf6 30. Nce2 g5 31. Rxc5 Rfe8 32. Qg3 Kh8 0-1

[Event "Swindon U1900"]
[Site "Swindon"]
[Date "2025.08.22"]
[Round "1.3"]
[White "Johnson, Richard J"]
[Black "Morrish, John"]
[Result "1/2-1/2"]
[WhiteElo "1866"]
[BlackElo "1713"]
[PlyCount "42"]
[EventDate "2025.08.22"]
[EventType "swiss"]
[EventRounds "6"]
[EventCountry "ENG"]
[SourceTitle "BritBase"]
[Source "John Saunders"]
[SourceDate "2025.12.11"]
[SourceVersion "1"]
[SourceVersionDate "2025.12.11"]
[SourceQuality "1"]

1. e4 c5 2. Nf3 Nc6 3. d4 cxd4 4. Nxd4 g6 5. c4 Bg7 6. Be3 Nf6 7. Nc3 d6 8. Be2 Bd7 9. O-O O-O 10. f4 Nxd4 11. Bxd4 Bc6 12. Bf3 Nd7 13. Bxg7 Kxg7 14. Qe2 Qb6+ 15. Kh1 Rae8 16. e5 Qc5 17. Rae1 Nb6 18. b3 d5 19. Nxd5 Nxd5 20. Bxd5 Bxd5 21. cxd5 Qxd5 1/2-1/2

[Event "Swindon U1900"]
[Site "Swindon"]
[Date "2025.08.22"]
[Round "1.4"]
[White "Jackson, Sam"]
[Black "Weston, Rick"]
[Result "1-0"]
[WhiteElo "1701"]
[BlackElo "1866"]
[PlyCount "95"]
[EventDate "2025.08.22"]
[EventType "swiss"]
[EventRounds "6"]
[EventCountry "ENG"]
[SourceTitle "BritBase"]
[Source "John Saunders"]
[SourceDate "2025.12.11"]
[SourceVersion "1"]
[SourceVersionDate "2025.12.11"]
[SourceQuality "1"]

1. e4 g6 2. d4 Bg7 3. f4 d6 4. Nf3 Nf6 5. Nc3 O-O 6. Bd3 c5 7. dxc5 dxc5 8. O-O a6 9. a4 Nc6 10. h3 e6 11. Be3 Qb6 12. a5 Qa7 13. Qd2 Rd8 14. Qf2 Nd4 15. Bxd4 cxd4 16. Ne2 b5 17. Nexd4 Bb7 18. e5 Nd5 19. Ne2 Qxf2+ 20. Rxf2 Bf8 21. Rff1 Bc5+ 22. Kh2 Ne3 23. Rfc1 b4 24. b3 Rac8 25. Ng5 Nxg2 26. Ne4 Bxe4 27. Bxe4 Rd2 28. Bxg2 Rxe2 29. Kh1 Be3 30. Bf1 Rf2 31. Bxa6 Rc3 32. Bd3 Rc7 33. Re1 Bxf4 34. Re4 Bd2 35. a6 Ra7 36. Ra5 Kg7 37. Rc5 Rf4 38. Rxf4 Bxf4 39. Kg2 f6 40. exf6+ Kxf6 41. Rc6 Ke7 42. Kf3 Bd6 43. Rc8 Kd7 44. Rh8 Kc6 45. Re8 Kd7 46. Bb5+ Kc7 47. Rxe6 Bc5 48. Rc6+ 1-0

[Event "Swindon U1900"]
[Site "Swindon"]
[Date "2025.08.22"]
[Round "1.5"]
[White "Hitchens, Matthew"]
[Black "Abdalla, Suhayl"]
[Result "0-1"]
[WhiteElo "1861"]
[BlackElo "1697"]
[PlyCount "68"]
[EventDate "2025.08.22"]
[EventType "swiss"]
[EventRounds "6"]
[EventCountry "ENG"]
[SourceTitle "BritBase"]
[Source "John Saunders"]
[SourceDate "2025.12.11"]
[SourceVersion "1"]
[SourceVersionDate "2025.12.11"]
[SourceQuality "1"]

1. f4 d5 2. Nf3 Nf6 3. e3 Bf5 4. b3 e6 5. Bb2 Be7 6. Be2 O-O 7. O-O c5 8. d3 Nc6 9. Nh4 Re8 10. Nd2 h6 11. Nxf5 exf5 12. Bf3 Qc7 13. g3 Rad8 14. Qe2 Rd7 15. e4 fxe4 16. dxe4 dxe4 17. Nxe4 Nxe4 18. Qxe4 Rdd8 19. Rad1 Nd4 20. Bg2 Bf6 21. Qxb7 Qxb7 22. Bxb7 Ne2+ 23. Kf2 Rxd1 24. Rxd1 Bxb2 25. Re1 Rb8 26. Bd5 Nc3 27. Bc4 Kf8 28. Kf3 Nxa2 29. Rd1 Bd4 30. g4 Re8 31. f5 Re3+ 32. Kg2 Rc3 33. Re1 Rxc2+ 34. Kg3 Bf2+ 0-1

[Event "Swindon U1900"]
[Site "Swindon"]
[Date "2025.08.22"]
[Round "1.6"]
[White "Fernando, Manel"]
[Black "Reith, Duncan Im"]
[Result "0-1"]
[WhiteElo "1697"]
[BlackElo "1849"]
[PlyCount "70"]
[EventDate "2025.08.22"]
[EventType "swiss"]
[EventRounds "6"]
[EventCountry "ENG"]
[SourceTitle "BritBase"]
[Source "John Saunders"]
[SourceDate "2025.12.11"]
[SourceVersion "1"]
[SourceVersionDate "2025.12.11"]
[SourceQuality "1"]

1. d4 d5 2. Bf4 c5 3. e3 Nc6 4. Nf3 Qb6 5. b3 Bg4 6. Be2 e6 7. h3 Bf5 8. c3 h6 9. O-O Nf6 10. Ne5 Rc8 11. Nd2 cxd4 12. exd4 Ba3 13. Nd3 Bxd3 14. Bxd3 Bb2 15. c4 Bxa1 16. Qxa1 Qxd4 17. Qxd4 Nxd4 18. Re1 O-O 19. Be5 dxc4 20. Nxc4 Nc6 21. Bb2 Rfd8 22. Bb1 Nb4 23. Ba3 Nbd5 24. Bb2 b5 25. Ne5 Nc3 26. Bd3 b4 27. a3 a5 28. axb4 axb4 29. Kf1 Rd5 30. Re3 Nd1 31. Re2 Nxb2 32. Rxb2 Rxe5 33. Bc4 Rd8 34. f3 Nd5 35. Kf2 Ne3 0-1

[Event "Swindon U1900"]
[Site "Swindon"]
[Date "2025.08.22"]
[Round "1.7"]
[White "Bromilow, Edward T"]
[Black "Bryant, Jeffrey"]
[Result "0-1"]
[WhiteElo "1841"]
[BlackElo "1695"]
[PlyCount "120"]
[EventDate "2025.08.22"]
[EventType "swiss"]
[EventRounds "6"]
[EventCountry "ENG"]
[SourceTitle "BritBase"]
[Source "John Saunders"]
[SourceDate "2025.12.11"]
[SourceVersion "1"]
[SourceVersionDate "2025.12.11"]
[SourceQuality "1"]

1. d4 Nf6 2. Bf4 g6 3. Nc3 a6 4. e4 d6 5. Qd2 Bg7 6. h4 h5 7. f3 Nc6 8. Nh3 Bxh3 9. Rxh3 e5 10. Be3 exd4 11. Bxd4 Nxd4 12. Qxd4 O-O 13. Qd2 Qe7 14. O-O-O b5 15. Re1 Rfe8 16. Kb1 c6 17. Be2 b4 18. Nd1 d5 19. Bd3 c5 20. Rhh1 dxe4 21. Bxe4 Nxe4 22. Rxe4 Qf6 23. Qe2 Red8 24. c4 bxc3 25. Nxc3 Rab8 26. Kc1 Bh6+ 27. Kb1 Rd2 28. Re8+ Rxe8 29. Qxe8+ Kg7 30. g4 Qxf3 31. Qe4 hxg4 32. h5 Qd3+ 33. Qxd3 Rxd3 34. hxg6 Kxg6 35. Ne4 Rd5 36. Nc3 Re5 37. Rd1 f5 38. Rd6+ Kg5 39. Nd5 Bg7 40. Rd7 Re1+ 41. Kc2 Bd4 42. Kd2 Rg1 43. b4 Rg2+ 44. Kd3 Rxa2 45. bxc5 Bxc5 46. Rg7+ Kh4 47. Nf4 Ra3+ 48. Ke2 Rf3 49. Nd3 Bd4 50. Rd7 Bf6 51. Rd6 Bg5 52. Re6 f4 53. Ne5 Re3+ 54. Kf2 Ra3 55. Nf7 Ra2+ 56. Kf1 f3 57. Re4 Bf6 58. Re6 Kg3 59. Re1 Bd4 60. Rd1 Rf2+ 0-1

[Event "Swindon U1900"]
[Site "Swindon"]
[Date "2025.08.22"]
[Round "1.8"]
[White "Ebrahimi, Navid"]
[Black "George, Richard M"]
[Result "1/2-1/2"]
[WhiteElo "1695"]
[BlackElo "1839"]
[PlyCount "112"]
[EventDate "2025.08.22"]
[EventType "swiss"]
[EventRounds "6"]
[EventCountry "ENG"]
[SourceTitle "BritBase"]
[Source "John Saunders"]
[SourceDate "2025.12.11"]
[SourceVersion "1"]
[SourceVersionDate "2025.12.11"]
[SourceQuality "1"]

1. e4 c6 2. d4 d5 3. exd5 cxd5 4. Bd3 Nc6 5. c3 Nf6 6. Nf3 Bg4 7. Bf4 Qb6 8. Na3 Nh5 9. Bc1 e6 10. h3 Bxf3 11. Qxf3 Nf6 12. O-O Be7 13. Nc2 O-O 14. Re1 Rae8 15. g4 Nd7 16. g5 Qd8 17. Qh5 g6 18. Qh6 e5 19. h4 e4 20. Bb5 Kh8 21. h5 Rg8 22. hxg6 Rxg6 23. Qh5 Bxg5 24. Kf1 Bxc1 25. Raxc1 Nf6 26. Qf5 Reg8 27. Ne3 Rg5 28. Qf4 R8g7 29. Ke2 Nh5 30. Qh2 f5 31. Bxc6 bxc6 32. Rg1 f4 33. Ng4 Rxg4 34. Rxg4 Rxg4 35. Qxh5 f3+ 36. Ke3 Qg5+ 37. Qxg5 Rxg5 38. c4 h5 39. cxd5 cxd5 40. Rc7 a5 41. Rf7 Kg8 42. Rf4 Kg7 43. a3 Kg6 44. b4 axb4 45. axb4 Rg1 46. Rf8 Rb1 47. Rg8+ Kf7 48. Rg5 Rxb4 49. Rxd5 Rb2 50. Kxe4 Rxf2 51. Rxh5 Ke6 52. Rh6+ Kd7 53. Rf6 Re2+ 54. Kxf3 Re1 55. Kf4 Rf1+ 56. Ke5 Rxf6 1/2-1/2

[Event "Swindon U1900"]
[Site "Swindon"]
[Date "2025.08.22"]
[Round "1.10"]
[White "Williams, Stephen"]
[Black "Goodfellow, Russell Robert"]
[Result "1-0"]
[WhiteElo "1690"]
[BlackElo "1814"]
[PlyCount "86"]
[EventDate "2025.08.22"]
[EventType "swiss"]
[EventRounds "6"]
[EventCountry "ENG"]
[SourceTitle "BritBase"]
[Source "John Saunders"]
[SourceDate "2025.12.11"]
[SourceVersion "1"]
[SourceVersionDate "2025.12.11"]
[SourceQuality "1"]

1. e4 c5 2. Nc3 e6 3. f4 a6 4. Nf3 d6 5. g3 Qc7 6. Bg2 Nd7 7. a4 Ngf6 8. O-O Be7 9. d3 O-O 10. h3 Re8 11. g4 Nf8 12. Qe1 Rb8 13. e5 N6d7 14. exd6 Bxd6 15. Ng5 f6 16. Nge4 Be7 17. f5 Ne5 18. a5 Nc6 19. Bf4 e5 20. Nd5 Qd8 21. Nxe7+ Qxe7 22. Be3 Nd7 23. Qf2 Qd8 24. Nd6 Re7 25. Bxc5 Nxc5 26. Qxc5 Nd4 27. Bd5+ Kf8 28. Ne4 Ne2+ 29. Kh2 Nf4 30. Bc4 Bd7 31. d4 Rc8 32. Qb4 Bc6 33. Nd6 Rcc7 34. dxe5 fxe5 35. Rad1 Qb8 36. Nf7 Rc8 37. Be6 Rce8 38. Nxe5 Nxe6 39. fxe6+ Kg8 40. Rd6 Rxe6 41. Rf8+ Rxf8 42. Rxe6 Rf2+ 43. Kg3 Re2 1-0

[Event "Swindon U1900"]
[Site "Swindon"]
[Date "2025.08.22"]
[Round "1.11"]
[White "Morrison, John V"]
[Black "Dickerson, Trevor"]
[Result "1-0"]
[WhiteElo "1807"]
[BlackElo "1687"]
[PlyCount "45"]
[EventDate "2025.08.22"]
[EventType "swiss"]
[EventRounds "6"]
[EventCountry "ENG"]
[SourceTitle "BritBase"]
[Source "John Saunders"]
[SourceDate "2025.12.11"]
[SourceVersion "1"]
[SourceVersionDate "2025.12.11"]
[SourceQuality "1"]

1. f4 d5 2. e3 c5 3. Nf3 Bg4 4. b3 Nc6 5. Bb5 Qc7 6. Bb2 f6 7. Nc3 e6 8. O-O a6 9. Be2 Bd6 10. Qe1 Nge7 11. Qg3 Bxf3 12. Bxf3 O-O 13. Qh3 Qc8 14. Bg4 f5 15. Bf3 d4 16. Ne2 dxe3 17. Qg3 Ng6 18. h4 Qc7 19. dxe3 e5 20. h5 exf4 21. exf4 Nh8 22. Bd5+ Rf7 23. Qxg7# 1-0

[Event "Swindon U1900"]
[Site "Swindon"]
[Date "2025.08.22"]
[Round "1.12"]
[White "Li, Yueci"]
[Black "Williams, R Gareth"]
[Result "1/2-1/2"]
[WhiteElo "1690"]
[BlackElo "1806"]
[PlyCount "49"]
[EventDate "2025.08.22"]
[EventType "swiss"]
[EventRounds "6"]
[EventCountry "ENG"]
[SourceTitle "BritBase"]
[Source "John Saunders"]
[SourceDate "2025.12.11"]
[SourceVersion "1"]
[SourceVersionDate "2025.12.11"]
[SourceQuality "1"]

1. e4 e6 2. d4 d5 3. Nc3 Nf6 4. Bg5 h6 5. Bxf6 gxf6 6. exd5 exd5 7. Bd3 Bb4 8. Nge2 Bg4 9. f3 Be6 10. a3 Be7 11. Qd2 c6 12. O-O Qd6 13. Nf4 f5 14. Nxe6 fxe6 15. Rae1 Kd7 16. Ne2 Bg5 17. f4 Bh4 18. g3 Bf6 19. Qe3 b5 20. Nc1 Na6 21. Nb3 Rhe8 22. c3 h5 23. Nc5+ Nxc5 24. dxc5 Qf8 25. Kg2 1/2-1/2

[Event "Swindon U1900"]
[Site "Swindon"]
[Date "2025.08.23"]
[Round "2.1"]
[White "Ramdewar, Ishan"]
[Black "Jackson, Sam"]
[Result "1-0"]
[WhiteElo "1867"]
[BlackElo "1701"]
[PlyCount "115"]
[EventDate "2025.08.22"]
[EventType "swiss"]
[EventRounds "6"]
[EventCountry "ENG"]
[SourceTitle "BritBase"]
[Source "John Saunders"]
[SourceDate "2025.12.11"]
[SourceVersion "1"]
[SourceVersionDate "2025.12.11"]
[SourceQuality "1"]

1. d4 d5 2. c4 e6 3. Nc3 a6 4. cxd5 exd5 5. Bf4 Nf6 6. e3 Bf5 7. Qb3 Ra7 8. Nf3 Bd6 9. Bxd6 Qxd6 10. Be2 Nbd7 11. O-O O-O 12. Rac1 c6 13. Na4 Bg4 14. Rc2 Re8 15. Rfc1 Ne4 16. Nc5 Ndxc5 17. Qb6 Raa8 18. dxc5 Qe7 19. Nd4 Bxe2 20. Rxe2 a5 21. Rec2 Ra6 22. Qb3 a4 23. Qb4 Ra7 24. Qe1 g6 25. b4 axb3 26. axb3 Rea8 27. b4 Qd7 28. Qf1 Ra4 29. Rb1 Ra2 30. Qc1 R2a3 31. b5 cxb5 32. Rxb5 Qxb5 33. Nxb5 Ra1 34. f3 Rxc1+ 35. Rxc1 Nd2 36. Nd6 Ra7 37. Rc2 Nb3 38. Kf2 Kg7 39. Rc3 Ra2+ 40. Kg3 Na5 41. Rd3 Rc2 42. Rxd5 Rc3 43. Kf4 f6 44. h4 Rb3 45. Ne4 f5 46. Rd7+ Kf8 47. Nd6 b6 48. Rf7+ Kg8 49. Ra7 Nc6 50. Rc7 Nb4 51. cxb6 Nd3+ 52. Kg5 Rxb6 53. Ne8 Re6 54. Nf6+ Kf8 55. Nxh7+ Ke8 56. Nf6+ Kf8 57. Kxg6 Ne5+ 58. Kxf5 1-0